[Event "Gibtelecom Masters"]
[Site "Gibraltar"]
[Date "2008.01.24"]
[Round "3.11"]
[White "Harika, Dronavalli"]
[Black "Areshchenko, Alexander"]
[Result "0-1"]
[WhiteElo "2455"]
[BlackElo "2645"]
[PlyCount "90"]
[EventDate "2008.01.22"]

1. d4 Nf6 2. c4 g6 3. g3 d5 4. cxd5 Nxd5 5. Bg2 Bg7 6. Nf3 Nb6 7. Nc3 Nc6 8. e3
O-O 9. O-O Re8 10. d5 Na5 11. Nd4 Bd7 12. Nb3 Nac4 13. a4 Bxc3 14. bxc3 Bxa4
15. e4 e6 16. Bf4 c6 17. Qb1 cxd5 18. exd5 e5 19. Bc1 Rc8 20. Re1 Qd7 21. Nd2
Nxd2 22. Bxd2 Nc4 23. Bg5 Kg7 24. Qe4 f6 25. Bxf6+ Kxf6 26. Qh4+ Kg7 27. Bh3
Qxd5 28. Rxa4 Rc7 29. Rxa7 e4 30. Bg2 Rf7 31. Raa1 Qd2 32. Kh1 Re5 33. Rad1 Qc2
34. Rc1 Qb2 35. Rb1 Qxc3 36. Rxe4 Rxe4 37. Bxe4 Nd2 38. Rd1 b5 39. Bd5 Rd7 40.
Qg5 Ne4 41. Qf4 Nf6 42. Qf3 Qxf3+ 43. Bxf3 Rxd1+ 44. Bxd1 Ne4 45. Kg2 Nd2 0-1

[Event "Gibtelecom Masters"]
[Site "Gibraltar"]
[Date "2008.01.24"]
[Round "3.12"]
[White "Bellin, Robert"]
[Black "Efimenko, Zahar"]
[Result "1/2-1/2"]
[WhiteElo "2385"]
[BlackElo "2638"]
[PlyCount "74"]
[EventDate "2008.01.22"]

1. d4 d6 2. e4 Nf6 3. Nc3 g6 4. Bg5 c6 5. Qe2 Qa5 6. Bd2 Qc7 7. e5 dxe5 8. dxe5
Nd5 9. f4 Bh6 10. g3 Na6 11. Ne4 O-O 12. a3 f5 13. Nf2 Nc5 14. Nf3 Qb6 15. b4
Ne4 16. c4 Nxd2 17. Qxd2 Qe3+ 18. Be2 Nxf4 19. gxf4 Bxf4 20. Qxe3 Bxe3 21. Nd1
Bf4 22. h4 a5 23. b5 cxb5 24. cxb5 Be6 25. Kf2 Rac8 26. Ne3 Rc5 27. Rhc1 Rfc8
28. Rxc5 Rxc5 29. Ng2 Bc1 30. Nge1 f4 31. Kg2 Rc3 32. Nd4 Rg3+ 33. Kh2 Rh3+ 34.
Kg2 Rg3+ 35. Kh2 Rh3+ 36. Kg2 Rg3+ 37. Kh2 Rh3+ 1/2-1/2

[Event "Gibtelecom Masters"]
[Site "Gibraltar"]
[Date "2008.01.24"]
[Round "3.14"]
[White "Wang Yu A"]
[Black "Mikhalevski, Victor"]
[Result "1/2-1/2"]
[WhiteElo "2391"]
[BlackElo "2632"]
[PlyCount "80"]
[EventDate "2008.01.22"]

1. e4 c5 2. Nf3 d6 3. d4 cxd4 4. Qxd4 Bd7 5. c4 Nc6 6. Qd2 g6 7. Nc3 Bh6 8. Qd1
Bg7 9. Bd2 Rc8 10. Rc1 Nf6 11. Be2 O-O 12. O-O a6 13. h3 Na5 14. Nd5 Nxd5 15.
cxd5 Bxb2 16. Rxc8 Bxc8 17. Qa4 b6 18. Rb1 Bg7 19. Qb4 Nb7 20. Bxa6 Nc5 21.
Bxc8 Qxc8 22. Nd4 Qa6 23. Nc6 Re8 24. Qxb6 Qxa2 25. Nxe7+ Kf8 26. Bf4 Nd7 27.
Qb4 Rb8 28. Nxg6+ Ke8 29. Qxb8+ Nxb8 30. Rxb8+ Kd7 31. Nh4 Qa1+ 32. Kh2 Qa7 33.
Rb3 Qxf2 34. Bg3 Be5 35. Bxe5 Qxh4 36. Bg3 Qxe4 37. Rb7+ Ke8 38. Rb8+ Ke7 39.
Rb7+ Ke8 40. Rb8+ Ke7 1/2-1/2

[Event "Gibtelecom Masters"]
[Site "Gibraltar"]
[Date "2008.01.24"]
[Round "3.15"]
[White "Welling, Gerard"]
[Black "Malakhatko, Vadim"]
[Result "0-1"]
[WhiteElo "2371"]
[BlackElo "2600"]
[PlyCount "136"]
[EventDate "2008.01.22"]

1. c4 e6 2. Nf3 d5 3. b3 a5 4. e3 Nf6 5. Bb2 a4 6. bxa4 Nbd7 7. cxd5 exd5 8.
Nc3 c6 9. Be2 Bd6 10. O-O O-O 11. Nd4 Re8 12. f4 Bf8 13. Bf3 Nb6 14. Qc2 Nc4
15. Rae1 Nxb2 16. Qxb2 Qa5 17. Nb3 Qa7 18. Nd4 Bc5 19. Nb3 Bb4 20. Rc1 Bxc3 21.
Qxc3 Qxa4 22. Nc5 Qa3 23. Qxa3 Rxa3 24. Rc2 b6 25. Nb3 c5 26. Nc1 Bf5 27. Rb2
Re6 28. Kf2 h5 29. Rg1 Rd6 30. Bxh5 Nxh5 31. g4 Bxg4 32. Rxg4 Nf6 33. Rg2 d4
34. exd4 Rxd4 35. Ne2 Ne4+ 36. Ke1 Rda4 37. Ng3 Nxg3 38. Rxg3 Rxa2 39. Rxb6
Re4+ 40. Re3 Rxf4 41. Rb8+ Kh7 42. Rh3+ Kg6 43. Rg3+ Kf5 44. Rxg7 Ra1+ 45. Ke2
Re4+ 46. Kf2 f6 47. Rg3 Rf4+ 48. Rf3 Rf1+ 49. Kxf1 Rxf3+ 50. Kg2 Rd3 51. Rb2
Ke4 52. h4 f5 53. Rc2 Kd4 54. Ra2 f4 55. Kh2 c4 56. Rb2 Rb3 57. Ra2 Kd3 58. Kh3
Ke4+ 59. Kh2 Kd3 60. Kh3 Rb1 61. Kg4 Ke4 62. Ra8 Rg1+ 63. Kh3 Kf3 64. Ra3+ Ke2
65. Rc3 Kxd2 66. Rxc4 f3 67. h5 f2 68. Rf4 Ke3 0-1

[Event "Gibtelecom Masters"]
[Site "Gibraltar"]
[Date "2008.01.24"]
[Round "3.16"]
[White "Ly, Moulthun"]
[Black "Sandipan, Chanda"]
[Result "0-1"]
[WhiteElo "2319"]
[BlackElo "2593"]
[PlyCount "72"]
[EventDate "2008.01.22"]

1. e4 c5 2. Nf3 e6 3. d4 cxd4 4. Nxd4 Nf6 5. Nc3 d6 6. Be2 a6 7. a4 Nc6 8. Be3
Be7 9. O-O O-O 10. f4 Qc7 11. Kh1 Bd7 12. Qd2 Na5 13. Qd3 Rac8 14. Bf3 Nc4 15.
Bc1 Rfd8 16. b3 Na5 17. Bb2 Nc6 18. Nxc6 Bxc6 19. Rae1 Be8 20. Bd1 d5 21. e5
Ne4 22. Nxe4 dxe4 23. Qxe4 Bh4 24. Re3 Bc6 25. Qb4 a5 26. Qc4 Rd2 27. Re2 Rd7
28. Re3 Qd8 29. Qe2 Bxg2+ 30. Qxg2 Rxd1 31. c4 Rc7 32. Bc3 Rcd7 33. Be1 Be7 34.
Ref3 g6 35. Qe2 Bc5 36. Kg2 R1d2 0-1

[Event "Gibtelecom Masters"]
[Site "Gibraltar"]
[Date "2008.01.24"]
[Round "3.17"]
[White "Kritz, Leonid"]
[Black "Ramaswamy, Aarthie"]
[Result "1-0"]
[WhiteElo "2592"]
[BlackElo "2322"]
[PlyCount "109"]
[EventDate "2008.01.22"]

1. e4 c5 2. Nf3 Nc6 3. Bb5 Qb6 4. Nc3 e6 5. Bxc6 Qxc6 6. O-O a6 7. d4 cxd4 8.
Nxd4 Qc7 9. Re1 d6 10. Bg5 Nf6 11. Bxf6 gxf6 12. Qf3 Bg7 13. Nde2 Qc5 14. Nf4
Qg5 15. Nh5 Bd7 16. Rad1 Bc6 17. h4 Qh6 18. Rxd6 O-O 19. Qg4 Kh8 20. Qxg7+ Qxg7
21. Nxg7 Kxg7 22. Re3 Rg8 23. Rg3+ Kh6 24. Rxg8 Rxg8 25. g3 Kg6 26. Rd4 Rc8 27.
Kf1 f5 28. exf5+ Kxf5 29. Ke2 Kf6 30. Ke3 Rg8 31. Ne4+ Bxe4 32. Kxe4 Rc8 33. c3
Ke7 34. Rb4 Rc7 35. a4 Kf6 36. Kd3 Rd7+ 37. Rd4 Rc7 38. Rd8 Ke5 39. b4 Kf5 40.
c4 e5 41. c5 a5 42. Kc4 axb4 43. Kxb4 Ke4 44. Kb5 Kf3 45. Rd2 e4 46. a5 f5 47.
Kb6 Re7 48. a6 bxa6 49. c6 e3 50. fxe3 Rxe3 51. c7 Rc3 52. Rd3+ Rxd3 53. c8=Q
Kxg3 54. Qxf5 Rd4 55. h5 1-0

[Event "Gibtelecom Masters"]
[Site "Gibraltar"]
[Date "2008.01.24"]
[Round "3.18"]
[White "Agdestein, Simen"]
[Black "Jaksland, Tim"]
[Result "1-0"]
[WhiteElo "2589"]
[BlackElo "2294"]
[PlyCount "77"]
[EventDate "2008.01.22"]

1. d4 Nf6 2. c4 g6 3. Nc3 Bg7 4. e4 d6 5. f3 e5 6. d5 Nh5 7. Be3 f5 8. Qc2 O-O
9. O-O-O Nd7 10. Kb1 a6 11. Nh3 Ndf6 12. Nf2 Qe7 13. Rg1 Kh8 14. exf5 gxf5 15.
Bd3 Nf4 16. Bxf4 exf4 17. Rge1 Qf7 18. Nh3 Nh5 19. Ne2 Be5 20. Qd2 Rg8 21.
Nexf4 Nxf4 22. Nxf4 Bxf4 23. Qxf4 Rxg2 24. Rd2 Rg7 25. Qd4 Kg8 26. c5 Bd7 27.
cxd6 cxd6 28. Qb4 Re8 29. Rde2 Rxe2 30. Rxe2 Qf6 31. Qxb7 Qd4 32. Qa8+ Kf7 33.
Qxa6 Rg1+ 34. Kc2 Ba4+ 35. b3 Qa1 36. Qb7+ Kf6 37. Qe7+ Kg6 38. Re6+ Kh5 39.
Qxh7+ 1-0

[Event "Gibtelecom Masters"]
[Site "Gibraltar"]
[Date "2008.01.24"]
[Round "3.19"]
[White "Sulskis, Sarunas"]
[Black "Rasch, Holger"]
[Result "1-0"]
[WhiteElo "2553"]
[BlackElo "2263"]
[PlyCount "117"]
[EventDate "2008.01.22"]

1. e4 c5 2. Nf3 e6 3. d4 cxd4 4. Nxd4 Nc6 5. Nb5 d6 6. Bf4 e5 7. Be3 a6 8. N5c3
Nf6 9. Bc4 Be6 10. Nd5 Nxe4 11. Bb6 Qg5 12. O-O Rc8 13. Nc7+ Kd7 14. Nd5 Qg6
15. f3 Nf6 16. Bd3 Nxd5 17. Bxg6 hxg6 18. Bf2 Be7 19. Nd2 Rh5 20. Ne4 Rch8 21.
h3 Kc7 22. Qd2 f5 23. Nc3 Nf4 24. Be3 Nxg2 25. Kxg2 f4 26. Bg1 Bh4 27. Nd5+ Kc8
28. Nb6+ Kc7 29. Rad1 Bxh3+ 30. Kh1 Bg2+ 31. Kxg2 Rg5+ 32. Kh1 Bg3+ 33. Bh2
Kxb6 34. Rf2 Rgh5 35. Kg1 Rxh2 36. Rxh2 Rxh2 37. Qxd6 Rxc2 38. Rd2 Rxd2 39.
Qxd2 Bh4 40. Qd3 Be7 41. Qxg6 Bc5+ 42. Kf1 Bd4 43. b3 Ka7 44. Ke2 Bb6 45. Kd3
Bd4 46. Qd6 Bb2 47. Ke4 Bd4 48. Qf8 Bb2 49. Qxg7 Bd4 50. Qf8 Be3 51. b4 Bd2 52.
a3 Be3 53. Qd6 Bd4 54. a4 Kb6 55. Kd5 Be3 56. Ke6 Bd4 57. Kd7 Be3 58. Qc7+ Ka7
59. Kc8 1-0

[Event "Gibtelecom Masters"]
[Site "Gibraltar"]
[Date "2008.01.24"]
[Round "3.20"]
[White "Hansen, Pal Andreas"]
[Black "Hillarp Persson, Tiger"]
[Result "0-1"]
[WhiteElo "2108"]
[BlackElo "2535"]
[PlyCount "102"]
[EventDate "2008.01.22"]

1. e4 g6 2. d4 Bg7 3. Nc3 d6 4. f4 a6 5. Nf3 b5 6. Bd3 Nd7 7. e5 c5 8. Be4 Rb8
9. Ng5 Nh6 10. Nxf7 Nxf7 11. e6 cxd4 12. exf7+ Kxf7 13. Nd5 Nc5 14. Bf3 e6 15.
Nb4 Bd7 16. O-O Rf8 17. Rb1 Kg8 18. c3 e5 19. Nc6 Bxc6 20. Bxc6 dxc3 21. bxc3
Kh8 22. Kh1 Rc8 23. Bd5 Na4 24. Bd2 exf4 25. Bb7 Nxc3 26. Bxc3 Rxc3 27. Bxa6 f3
28. Bb7 fxg2+ 29. Bxg2 Rc5 30. Qd3 Rxf1+ 31. Rxf1 Be5 32. Qh3 Kg7 33. Qe6 Rc7
34. Bd5 Re7 35. Qg4 Rc7 36. Qe6 b4 37. Qh3 Qg5 38. Qf3 Rc8 39. Qh3 Rc7 40. Qf3
Bf6 41. Bb3 Rc1 42. Rd1 h5 43. Qf1 Rxd1 44. Qxd1 Qf4 45. Qe2 Be5 46. Bc4 g5 47.
Bb3 g4 48. Bd5 Kh6 49. Be4 Kg5 50. Bd5 h4 51. Be4 Qc1+ 0-1

[Event "Gibtelecom Masters"]
[Site "Gibraltar"]
[Date "2008.01.24"]
[Round "3.21"]
[White "Hebden, Mark L"]
[Black "Lazarus, Ben"]
[Result "1-0"]
[WhiteElo "2530"]
[BlackElo "2143"]
[PlyCount "75"]
[EventDate "2008.01.22"]

1. d4 Nf6 2. Nf3 e6 3. e3 b6 4. Bd3 Bb7 5. O-O c5 6. c4 Be7 7. Nc3 cxd4 8. exd4
d6 9. Re1 O-O 10. a4 Na6 11. d5 e5 12. Ng5 Bc8 13. f4 Bg4 14. Bxh7+ Kh8 15. Qc2
Nb4 16. Qb1 g6 17. Bxg6 fxg6 18. Qxg6 Qe8 19. Qh6+ Kg8 20. fxe5 dxe5 21. d6 Bd8
22. Rf1 Qh5 23. Nge4 Qxh6 24. Bxh6 Rf7 25. Ng5 Rg7 26. Bxg7 Kxg7 27. Rae1 Nd3
28. Re3 Nxb2 29. Rg3 Rc8 30. Ne6+ Kg6 31. Nxd8 Rxd8 32. Ne4 Nxe4 33. Rxg4+ Ng5
34. h4 Kh5 35. Rxg5+ Kxh4 36. Rg7 Rxd6 37. Rf3 Rd3 38. Rf8 1-0

[Event "Gibtelecom Masters"]
[Site "Gibraltar"]
[Date "2008.01.24"]
[Round "3.22"]
[White "Larsson, Daniel"]
[Black "Gopal, G.N."]
[Result "0-1"]
[WhiteElo "2003"]
[BlackElo "2528"]
[PlyCount "68"]
[EventDate "2008.01.22"]

1. e4 c5 2. Nf3 d6 3. d4 cxd4 4. Nxd4 Nf6 5. Nc3 a6 6. Bg5 e6 7. f4 Qc7 8. Qf3
b5 9. Bxf6 gxf6 10. O-O-O b4 11. Nce2 Nd7 12. Ng3 Bb7 13. Kb1 Nc5 14. Nb3 O-O-O
15. Bd3 a5 16. Nxc5 Qxc5 17. Qe2 Kb8 18. Ba6 Bc6 19. f5 a4 20. Bc4 d5 21. fxe6
fxe6 22. exd5 exd5 23. Bd3 Bd6 24. Qf3 Be5 25. Bf5 a3 26. bxa3 Kc7 27. Rd3 Rb8
28. a4 Ra8 29. Rhd1 Rxa4 30. Rxd5 Rxa2 31. c3 Qf2 32. Qxf2 Rxf2 33. R1d2 Bxg3
34. hxg3 Rxf5 0-1

[Event "Gibtelecom Masters"]
[Site "Gibraltar"]
[Date "2008.01.24"]
[Round "3.23"]
[White "Kuenitz, Klaus"]
[Black "Leon Hoyos, Manuel"]
[Result "0-1"]
[WhiteElo "1645"]
[BlackElo "2495"]
[PlyCount "62"]
[EventDate "2008.01.22"]

1. d4 Nf6 2. c4 c5 3. Nf3 cxd4 4. Nxd4 Nc6 5. Nc3 g6 6. e4 Bg7 7. Be3 O-O 8.
Be2 b6 9. Nxc6 dxc6 10. e5 Qxd1+ 11. Rxd1 Ng4 12. Bg5 Nxe5 13. f4 f6 14. Bh4
Ng4 15. Bf3 Bf5 16. Bxc6 Rac8 17. Bf3 Ne3 18. Rc1 Bh6 19. Bg3 Nxc4 20. Nd5 Kf7
21. b3 Ne5 22. O-O Nxf3+ 23. gxf3 Rfd8 24. Rxc8 Bxc8 25. Ne3 Bb7 26. Ng4 Bf8
27. Rf2 h5 28. Ne3 e6 29. Rc2 Bc5 30. Bf2 Bxf3 31. b4 Bd6 0-1

[Event "Gibtelecom Masters"]
[Site "Gibraltar"]
[Date "2008.01.24"]
[Round "3.26"]
[White "Jaime Montalvan, Luis Feliz"]
[Black "Hammer, Jon Ludvig"]
[Result "0-1"]
[WhiteElo "2170"]
[BlackElo "2441"]
[PlyCount "84"]
[EventDate "2008.01.22"]

1. d4 Nf6 2. c4 e6 3. Nc3 Bb4 4. e3 O-O 5. Nge2 Re8 6. a3 Bf8 7. Ng3 d5 8. Be2
g6 9. O-O Bg7 10. Qc2 b6 11. e4 Nc6 12. Be3 Nxe4 13. Ngxe4 dxe4 14. Qxe4 Bb7
15. Rad1 Qe7 16. Qc2 Rad8 17. d5 Ne5 18. Qa4 a6 19. Rfe1 Qh4 20. dxe6 Ng4 21.
Bxg4 Qxg4 22. Nd5 b5 23. exf7+ Kxf7 24. Qc2 bxc4 25. h3 Qe6 26. Nf4 Qe4 27.
Qxe4 Bxe4 28. Rxd8 Rxd8 29. Bc1 Bf5 30. g4 Bc8 31. Ng2 Rd3 32. Ne3 Be6 33. Rd1
Rb3 34. Rd2 c3 35. bxc3 Rb1 36. Rd1 Bb3 37. Rf1 Bxc3 38. Bd2 Rxf1+ 39. Nxf1 Bb2
40. Bb4 Ke6 41. Ne3 Bd4 42. Kf1 c5 0-1

[Event "Gibtelecom Masters"]
[Site "Gibraltar"]
[Date "2008.01.24"]
[Round "3.29"]
[White "Mundaca, Juan Carlos"]
[Black "Kuzubov, Yuriy"]
[Result "0-1"]
[WhiteElo "2162"]
[BlackElo "2606"]
[PlyCount "46"]
[EventDate "2008.01.22"]

1. e4 c5 2. Nf3 Nc6 3. d4 cxd4 4. Nxd4 g6 5. Nc3 Bg7 6. Nf3 Nf6 7. Bc4 O-O 8.
h3 b5 9. Nxb5 Nxe4 10. O-O a6 11. Nbd4 Nxd4 12. Nxd4 Bb7 13. Be3 d5 14. Bb3 e5
15. Ne2 d4 16. Bc1 Rc8 17. f3 Nc5 18. Bc4 Kh8 19. a4 f5 20. b3 e4 21. f4 d3 22.
cxd3 exd3 23. Ng3 Qd4+ 0-1

[Event "Gibtelecom Masters"]
[Site "Gibraltar"]
[Date "2008.01.24"]
[Round "3.32"]
[White "Cramling, Pia"]
[Black "Van Den Bersselaar, Jeroen"]
[Result "1-0"]
[WhiteElo "2524"]
[BlackElo "2164"]
[PlyCount "65"]
[EventDate "2008.01.22"]

1. d4 d5 2. Nf3 Nf6 3. c4 e6 4. Bg5 h6 5. Bxf6 Qxf6 6. Nc3 c6 7. e3 Nd7 8. Qc2
g6 9. h4 Bg7 10. O-O-O O-O 11. Kb1 Qe7 12. g4 dxc4 13. Bxc4 c5 14. g5 h5 15. d5
Nb6 16. d6 Qe8 17. Ne4 Nxc4 18. Qxc4 e5 19. Nf6+ Bxf6 20. gxf6 Bg4 21. Qd5 Qe6
22. Ng5 Qxf6 23. f3 Bd7 24. Qxc5 Rfc8 25. Qb4 b5 26. Rc1 a5 27. Qd2 b4 28. Rc7
Rxc7 29. dxc7 Bc6 30. Rd1 Kg7 31. Qd8 Qf5+ 32. e4 Qc8 33. Qe7 1-0

[Event "Gibtelecom Masters"]
[Site "Gibraltar"]
[Date "2008.01.24"]
[Round "3.34"]
[White "Szabo, Krisztian"]
[Black "Osuna Vega, Enrique"]
[Result "1-0"]
[WhiteElo "2500"]
[BlackElo "2146"]
[PlyCount "113"]
[EventDate "2008.01.22"]

1. e4 e5 2. Nf3 Nc6 3. Bb5 a6 4. Ba4 Nf6 5. O-O b5 6. Bb3 Be7 7. Re1 O-O 8. c3
d6 9. h3 Rb8 10. Kh1 Na5 11. Bc2 c5 12. d4 Nc6 13. d5 Na7 14. Nbd2 Bd7 15. Nf1
Ne8 16. g4 Kh8 17. Ng3 g6 18. Rg1 Rg8 19. Be3 Nc8 20. Qd2 Nb6 21. b3 a5 22. Nh2
Bf6 23. Raf1 Bg7 24. Bg5 f6 25. Be3 Rf8 26. f4 Qe7 27. f5 g5 28. h4 h6 29. Nf3
Kg8 30. Rf2 Kf7 31. Rgf1 Rh8 32. Nh5 Kg8 33. Kg1 Bc8 34. Bd1 Nd7 35. b4 a4 36.
Rh2 c4 37. Kg2 Bf8 38. Rfh1 Bb7 39. hxg5 fxg5 40. Nxg5 Nef6 41. Nxf6+ Nxf6 42.
Bf3 Bc8 43. Ne6 Bxe6 44. fxe6 Qh7 45. e7 Bg7 46. Bxh6 Qg6 47. Kg3 Re8 48. Qe3
Rxe7 49. g5 Rf7 50. Rh4 Rf8 51. R1h3 Rf7 52. a3 Bf8 53. Kg2 Nxd5 54. exd5 Qc2+
55. Kg3 Be7 56. Qe4 Qxe4 57. Rxe4 1-0

[Event "Gibtelecom Masters"]
[Site "Gibraltar"]
[Date "2008.01.24"]
[Round "3.35"]
[White "Ocana Roca, Juan Jesus"]
[Black "Karlsson, Lars"]
[Result "0-1"]
[WhiteElo "2127"]
[BlackElo "2488"]
[PlyCount "80"]
[EventDate "2008.01.22"]

1. e4 g6 2. d4 Bg7 3. f3 d6 4. Be3 a6 5. c4 Nc6 6. Nc3 e5 7. d5 Nce7 8. Bd3 f5
9. Nge2 Nf6 10. O-O f4 11. Bf2 g5 12. b4 g4 13. Nc1 Ng6 14. c5 gxf3 15. gxf3
Bh3 16. Kh1 Bxf1 17. Bxf1 O-O 18. a4 Kh8 19. Rb1 Nh5 20. Bh3 Bf6 21. Nb3 Bh4
22. Bg1 Bg3 23. Bg4 Qh4 24. Na5 Nf6 25. Be6 Bf2 26. cxd6 cxd6 27. Nxb7 Bxg1 28.
Qxg1 Qh5 29. Bg4 Nxg4 30. Qxg4 Qxg4 31. fxg4 Rac8 32. Rb3 f3 33. Kg1 f2+ 34.
Kf1 Rf3 35. Nxd6 Rfxc3 36. Rxc3 Rxc3 37. b5 axb5 38. axb5 Rc2 39. b6 Kg8 40. b7
Rb2 0-1

[Event "Gibtelecom Masters"]
[Site "Gibraltar"]
[Date "2008.01.24"]
[Round "3.36"]
[White "Goodger, Martyn"]
[Black "Al Sayed, Mohamad N"]
[Result "0-1"]
[WhiteElo "2113"]
[BlackElo "2486"]
[PlyCount "94"]
[EventDate "2008.01.22"]

1. e4 c6 2. c4 d5 3. cxd5 cxd5 4. exd5 Nf6 5. Nc3 g6 6. Bc4 Bg7 7. Nf3 O-O 8.
O-O Na6 9. Re1 Nc7 10. Qb3 a6 11. a4 b5 12. axb5 axb5 13. Rxa8 bxc4 14. Rxc8
cxb3 15. Rxd8 Rxd8 16. Nd4 Nfxd5 17. Nxb3 e6 18. d4 Rb8 19. Na5 Rb4 20. Nc6 Rc4
21. Ne5 Rxd4 22. Nf3 Rb4 23. Nd1 Rc4 24. Ne3 Nxe3 25. Bxe3 Nd5 26. Nd2 Rc2 27.
Nf1 Rxb2 28. Rc1 h6 29. h4 Nxe3 30. Nxe3 Bf6 31. g3 Bd4 32. Re1 Kg7 33. Kg2 f5
34. Kf3 g5 35. hxg5 hxg5 36. Rd1 g4+ 37. Nxg4 fxg4+ 38. Kxg4 Bxf2 39. Rd3 Kg6
40. Kf3 Bc5 41. Rc3 Bd4 42. Rc6 Kf6 43. g4 Be5 44. g5+ Kf5 45. g6 Rb3+ 46. Kf2
Rg3 47. Rc5 Rxg6 0-1

[Event "Gibtelecom Masters"]
[Site "Gibraltar"]
[Date "2008.01.24"]
[Round "3.37"]
[White "Almond, Richard J"]
[Black "Muzychuk, Anna"]
[Result "0-1"]
[WhiteElo "2107"]
[BlackElo "2460"]
[PlyCount "92"]
[EventDate "2008.01.22"]

1. d4 d6 2. Nf3 Bg4 3. c4 Bxf3 4. gxf3 Nf6 5. Nc3 c6 6. e4 e5 7. f4 Nbd7 8. Be2
Be7 9. Be3 O-O 10. Qd2 a6 11. a4 b5 12. f3 exf4 13. Bxf4 bxc4 14. Bxc4 d5 15.
Bd3 Nh5 16. Be3 Bh4+ 17. Bf2 dxe4 18. fxe4 c5 19. O-O Bxf2+ 20. Qxf2 cxd4 21.
Qxd4 Nf4 22. Kh1 Ne6 23. Qe3 Ne5 24. Rad1 Qh4 25. b4 Qxh2+ 26. Kxh2 Ng4+ 27.
Kg3 Nxe3 28. Nd5 Nxd1 29. Rxd1 Rfd8 30. b5 axb5 31. Bxb5 Nc5 32. Kf3 Kf8 33.
Rd4 Ne6 34. Rd3 Rac8 35. Ke3 Nc7 36. Bc6 Rd6 37. Bb7 Rb8 38. Rb3 Nxd5+ 39. Bxd5
Rxb3+ 40. Bxb3 Rb6 41. Bc4 Rb4 42. Bb5 Ke7 43. Bc6 Kd6 44. Be8 Ke5 45. Bc6 Rc4
46. Bd5 Rxa4 0-1

[Event "Gibtelecom Masters"]
[Site "Gibraltar"]
[Date "2008.01.24"]
[Round "3.38"]
[White "Arakhamia-Grant, Ketevan"]
[Black "Kvisla, Johannes Luangtep"]
[Result "1-0"]
[WhiteElo "2457"]
[BlackElo "2130"]
[PlyCount "103"]
[EventDate "2008.01.22"]

1. e4 e5 2. Nf3 Nc6 3. Bb5 a6 4. Ba4 Nf6 5. d3 d6 6. c3 g6 7. Nbd2 Bg7 8. Nf1
O-O 9. Ng3 Bd7 10. O-O Qe8 11. Bc2 d5 12. Bg5 dxe4 13. dxe4 Be6 14. Qc1 Nd7 15.
Bh6 f6 16. Re1 Rd8 17. h4 Nc5 18. Bxg7 Kxg7 19. Qe3 Nd7 20. h5 Qe7 21. Nh4 Qc5
22. Qf3 Ne7 23. Re3 Nb6 24. hxg6 hxg6 25. Ngf5+ Bxf5 26. exf5 Nc4 27. Nxg6 Nxg6
28. Qg3 Nxe3 29. Qxg6+ Kh8 30. Qh6+ Kg8 31. Qg6+ Kh8 32. Qh6+ Kg8 33. Bb3+ Nd5
34. Qg6+ Kh8 35. Qh6+ Kg8 36. Qg6+ Kh8 37. Rd1 Qe7 38. Bxd5 Qh7 39. Qg4 c6 40.
Rd3 cxd5 41. Rh3 Qxh3 42. Qxh3+ Kg7 43. f4 e4 44. Kf2 Rf7 45. Qg3+ Kf8 46. Qe3
Re7 47. g4 Rf7 48. Qd4 Rdd7 49. Ke3 Ke7 50. g5 fxg5 51. Qe5+ Kd8 52. fxg5 1-0

[Event "Gibtelecom Masters"]
[Site "Gibraltar"]
[Date "2008.01.24"]
[Round "3.39"]
[White "Waters, Michael"]
[Black "Dimitrov, Pavel"]
[Result "1-0"]
[WhiteElo "2102"]
[BlackElo "2448"]
[PlyCount "155"]
[EventDate "2008.01.22"]

1. e4 d6 2. Nc3 Nf6 3. Bc4 g6 4. f4 c6 5. d3 Bg7 6. Nf3 O-O 7. O-O Na6 8. a4
Nc5 9. Qe1 d5 10. Ba2 dxe4 11. dxe4 Be6 12. e5 Nd5 13. Bxd5 Bxd5 14. Be3 Ne4
15. Rd1 Nxc3 16. Qxc3 Qc8 17. Bd4 Rd8 18. h3 b6 19. b4 Qa6 20. a5 Qc4 21. Qxc4
Bxc4 22. Rfe1 bxa5 23. bxa5 Rd5 24. Bc3 Rb8 25. Rb1 Bb5 26. Bd4 Ra8 27. Kf2 a6
28. Bb6 Rd7 29. Rbd1 Rxd1 30. Rxd1 f6 31. Rd7 Kf7 32. Bc5 Re8 33. Rc7 Ke6 34.
c4 Bxc4 35. Rxc6+ Kd5 36. Rc7 fxe5 37. fxe5 Bf8 38. g4 e6 39. Bxf8 Rxf8 40. Ke3
Bf1 41. Rxh7 Kc5 42. Ng5 Kb4 43. h4 Bc4 44. Rg7 Rh8 45. Rxg6 Rxh4 46. Nxe6 Kxa5
47. Nc5 Rh1 48. Rd6 Rg1 49. Kf4 Rf1+ 50. Kg5 Re1 51. Kf6 Rf1+ 52. Kg6 Re1 53.
e6 Re3 54. g5 Re5 55. Nb7+ Kb4 56. Kf6 Re1 57. g6 Rf1+ 58. Kg7 Re1 59. Kf7 Kb5
60. g7 Rf1+ 61. Ke7 Rg1 62. Kf6 Rf1+ 63. Ke7 Rg1 64. Kf8 Rf1+ 65. Kg8 a5 66.
Nd8 a4 67. Kh7 Rh1+ 68. Kg6 a3 69. g8=Q a2 70. Qe8+ Kb4 71. Nc6+ Kc3 72. Qb8
Rg1+ 73. Kf7 Bxe6+ 74. Kxe6 Re1+ 75. Kd7 a1=Q 76. Qb4+ Kc2 77. Nd4+ Kd3 78.
Nb3+ 1-0

[Event "Gibtelecom Masters"]
[Site "Gibraltar"]
[Date "2008.01.24"]
[Round "3.40"]
[White "Flores Chico, Jorge"]
[Black "Greet, Andrew N"]
[Result "0-1"]
[WhiteElo "2092"]
[BlackElo "2444"]
[PlyCount "62"]
[EventDate "2008.01.22"]

1. d4 Nf6 2. Nc3 d5 3. Bg5 c6 4. Nf3 Qb6 5. Qd3 Qxb2 6. Rb1 Qa3 7. Rb3 Qa6 8.
Qe3 Nbd7 9. Qf4 Qa5 10. Bxf6 exf6 11. Qe3+ Be7 12. g3 Nb6 13. Bg2 Bf5 14. O-O
Bxc2 15. Rc1 Bxb3 16. axb3 Qa3 17. Nb1 Qd6 18. Nh4 g6 19. Qh6 f5 20. Nf3 Bf8
21. Qe3+ Qe7 22. Qf4 h5 23. Qd2 Bg7 24. Rc3 O-O 25. Re3 Qd6 26. Ne5 Rfe8 27. f4
Nd7 28. h3 a5 29. Nc3 Nxe5 30. fxe5 Qb4 31. Rf3 a4 0-1

[Event "Gibtelecom Masters"]
[Site "Gibraltar"]
[Date "2008.01.24"]
[Round "3.41"]
[White "Lilleoren, Morten"]
[Black "Papadopoulos, Ioannis"]
[Result "0-1"]
[WhiteElo "2065"]
[BlackElo "2444"]
[PlyCount "84"]
[EventDate "2008.01.22"]

1. Nf3 Nf6 2. c4 e6 3. g3 d5 4. Bg2 dxc4 5. Qa4+ Nbd7 6. O-O a6 7. Qxc4 b5 8.
Qc2 Bb7 9. d4 c5 10. a4 b4 11. Nbd2 Rc8 12. dxc5 Bxc5 13. Qd3 Qe7 14. Nb3 e5
15. Nxc5 Nxc5 16. Qd1 O-O 17. Be3 Rfd8 18. Bxc5 Rxc5 19. Qb3 e4 20. Ne1 a5 21.
Rd1 Rdc8 22. Bh3 R8c7 23. Ng2 g6 24. Ne3 h5 25. Rd2 Kg7 26. Rfd1 Qe5 27. Rd4 h4
28. Ng4 Nxg4 29. Bxg4 hxg3 30. hxg3 Qg5 31. Rd7 Rxd7 32. Rxd7 Bd5 33. Qe3 Qxe3
34. fxe3 Kh6 35. Rd6 Bb3 36. Bd7 Rc2 37. Bb5 Rxb2 38. Ra6 Bd5 39. Rxa5 b3 40.
Be8 Rd2 41. Rb5 b2 42. Kf2 Bc4 0-1

[Event "Gibtelecom Masters"]
[Site "Gibraltar"]
[Date "2008.01.24"]
[Round "3.43"]
[White "Paehtz, Elisabeth"]
[Black "Arnott, Jonathan W"]
[Result "1-0"]
[WhiteElo "2420"]
[BlackElo "2117"]
[PlyCount "55"]
[EventDate "2008.01.22"]

1. e4 e6 2. d4 d5 3. Nc3 Nf6 4. e5 Nfd7 5. f4 c5 6. Nce2 Nc6 7. c3 b5 8. a3 a5
9. Nf3 b4 10. axb4 cxb4 11. f5 exf5 12. Nf4 Ndb8 13. c4 Be6 14. Qa4 Ra7 15. Be3
Be7 16. Rc1 O-O 17. Bd3 Rc7 18. O-O g5 19. Nxd5 Bxd5 20. cxd5 Qxd5 21. Bxf5 g4
22. Nd2 Qd8 23. Qd1 Kh8 24. Qxg4 Rg8 25. Qh3 Rg7 26. Nf3 Qd5 27. Bh6 Rg8 28.
Bf8 1-0

[Event "Gibtelecom Masters"]
[Site "Gibraltar"]
[Date "2008.01.24"]
[Round "3.44"]
[White "Lovik, Lasse Ostebo"]
[Black "Bradford, Joseph M"]
[Result "1-0"]
[WhiteElo "2052"]
[BlackElo "2419"]
[PlyCount "71"]
[EventDate "2008.01.22"]

1. e4 e6 2. d4 d5 3. Nc3 Bb4 4. e5 c5 5. a3 Ba5 6. b4 cxd4 7. Nb5 Bc7 8. f4 Bd7
9. Nxd4 Bb6 10. Ngf3 Nh6 11. Bd3 a6 12. Bb2 Nc6 13. O-O Bxd4+ 14. Nxd4 Qb6 15.
c3 Nxd4 16. cxd4 Bb5 17. Rc1 Nf5 18. Bxb5+ Qxb5 19. Rf3 Ne7 20. Rfc3 O-O 21.
Qc2 f6 22. exf6 Rxf6 23. g3 Nc6 24. Rc5 Qb6 25. Qa4 Qd8 26. Qb3 Qe8 27. Qd3 Qf7
28. a4 Qh5 29. Ba3 Qf5 30. Qe3 h5 31. b5 axb5 32. axb5 Na5 33. Bb4 Nc4 34.
R1xc4 Qb1+ 35. Qc1 Ra1 36. Rc2 1-0